Riconosci il Pokémon - Quiz n°154 - Statistics

Statistiche generali
  • Questo quiz è stato fatto 2 volte
  • Il punteggio medio è 5 su 10
Statistiche sulle risposte
Indizio Risposta % Corretto
Generazione Quinta
100%
Altezza 1,0 m
50%
Peso 33 kg
50%
Sesso 50% ♂, 50% ♀
50%
Tasso di cattura 75 (17.5%)
50%
Abilità Aiutinsetto; Guscioscudo; Copricapo
50%
Tipo Coleottero / Acciaio
50%
Tasso di allevamento Medio-Veloce
50%
Stadio evoluzione Prima evoluzione
50%
Pokémon Escavalier
0%
Nessun quiz corrispondente trovato
Distribuzione punteggi
Percentuale di utenti per punteggio
Percentile per numero di risposta
I tuoi punteggi nel tempo
Non hai fatto questo quiz